[Event "4NCL Online Division 7"]
[Site "online"]
[Date "2021.03.23"]
[EventDate "2021.03.23"]
[Round "5.251"]
[White "Kapur, Gul"]
[WhiteElo "1466"]
[WhiteTeam "Enfield 2"]
[Black "Granger, Charlotte"]
[BlackElo "1324"]
[BlackTeam "Colchester JFF B"]
[Result "1-0"]
[PlyCount "63"]

1. d4 d5 2. c4 dxc4 3. Nc3 Bf5 4. Bf4 a6 5. a4 e6 6. e3 Bb4 7. Bxc4 Nf6 8. Qb3 Nc6 9. Ne2 O-O 10. O-O Bd6 11. h3 Bxf4 12. Nxf4 Na5 13. Qb4 b6 14. Be2 Nd7 15. Bf3 Qg5 16. Bxa8 Rxa8 17. Nce2 Nc6 18. Qc3 Ne7 19. Ng3 Rc8 20. Nxf5 Nxf5 21. Qc6 Nf6 22. Nxe6 Qg6 23. Nf4 Qg5 24. Rad1 Nh5 25. Nxh5 Qxh5 26. d5 Qg5 27. d6 Rf8 28. dxc7 Ne7 29. Qxb6 Nc8 30. Qb8 Ne7 31. Qxf8+ Kxf8 32. Rd8# 1-0

[Event "4NCL Online Division 7"]
[Site "online"]
[Date "2021.03.23"]
[EventDate "2021.03.23"]
[Round "5.252"]
[White "Catabay, Rezin C"]
[WhiteElo "1306"]
[WhiteTeam "Colchester JFF B"]
[Black "Clarke, Anthony J"]
[BlackElo "1430"]
[BlackTeam "Enfield 2"]
[Result "1/2-1/2"]
[PlyCount "77"]

1. e4 d6 2. d4 Nf6 3. Nc3 g6 4. Nf3 Bg7 5. Be2 Bg4 6. O-O O-O 7. Bg5 Nbd7 8. Qd2 c6 9. Bh6 Bxf3 10. Bxf3 e5 11. d5 cxd5 12. exd5 a6 13. Ne4 Nxe4 14. Bxe4 f5 15. Bf3 Rc8 16. Rac1 b5 17. c4 bxc4 18. Bxg7 Kxg7 19. Qb4 Nb6 20. Be2 Nxd5 21. Qa4 c3 22. Qxa6 cxb2 23. Rb1 Nc3 24. Rxb2 Qc7 25. Kh1 Nxe2 26. Rxe2 Ra8 27. Qb5 Rfc8 28. Rd1 Ra5 29. Qd3 Rc5 30. Ree1 d5 31. a4 d4 32. Qa6 Ra5 33. Qe6 Qc2 34. Qe7+ Kh8 35. Qf6+ Kg8 36. Qe6+ Kh8 37. Qf6+ Kg8 38. Qe6+ Kh8 39. Qf6+ 1/2-1/2

[Event "4NCL Online Division 7"]
[Site "online"]
[Date "2021.03.23"]
[EventDate "2021.03.23"]
[Round "5.253"]
[White "McWilliams, Mark"]
[WhiteElo "1380"]
[WhiteTeam "Enfield 2"]
[Black "Popovici, Serena"]
[BlackElo "1250"]
[BlackTeam "Colchester JFF B"]
[Result "0-1"]
[PlyCount "66"]

1. e4 e5 2. f4 d6 3. Nf3 Nc6 4. Bc4 Nf6 5. O-O Bg4 6. h3 Bxf3 7. Qxf3 Nd4 8. Qd1 Nxe4 9. fxe5 d5 10. Bb3 Bc5 11. Kh2 Qh4 12. Qe1 Qh5 13. Bxd5 Qxe5+ 14. g3 Qxd5 15. d3 O-O-O 16. dxe4 Rhe8 17. Nc3 Qc4 18. b3 Qe6 19. Qf2 Rd7 20. Be3 Red8 21. Rad1 Qe5 22. Bf4 Qe6 23. Rd3 Nc6 24. Qd2 Bb4 25. Rxd7 Rxd7 26. Qe3 Bxc3 27. Qxc3 Qxe4 28. Re1 Qd4 29. Re8+ Rd8 30. Rxd8+ Kxd8 31. Qxd4+ Nxd4 32. Be5 Nf3+ 33. Kg2 Nxe5 0-1

[Event "4NCL Online Division 7"]
[Site "online"]
[Date "2021.03.23"]
[EventDate "2021.03.23"]
[Round "5.254"]
[White "Shiva, Shrishti"]
[WhiteElo "1219"]
[WhiteTeam "Colchester JFF B"]
[Black "March, Steven J"]
[BlackElo "1295"]
[BlackTeam "Enfield 2"]
[Result "0-1"]
[PlyCount "66"]

1. e4 e5 2. Nf3 Nc6 3. Nc3 Nf6 4. Bc4 Bc5 5. d3 d6 6. h3 Ne7 7. Na4 Bb6 8. Nxb6 axb6 9. Be3 d5 10. exd5 Nexd5 11. Nxe5 Nxe3 12. Bxf7+ Ke7 13. fxe3 Be6 14. Bxe6 Kxe6 15. d4 Nd5 16. Qg4+ Ke7 17. Qxg7+ Ke6 18. Qf7+ Kd6 19. Nc4+ Kc6 20. Qe6+ Kb5 21. Na3+ Ka6 22. O-O-O Re8 23. Qg4 Nxe3 24. Qe2+ Ka7 25. Nb5+ Kb8 26. Rde1 Rxa2 27. Na3 Ra1+ 28. Kd2 Qxd4+ 29. Qd3 Qb4+ 30. Qc3 Qd6+ 31. Qd3 Qb4+ 32. Qc3 Qd6+ 33. Qd3 Qb4+ 1/2-1/2

[Event "4NCL Online Division 7"]
[Site "online"]
[Date "2021.03.23"]
[EventDate "2021.03.23"]
[Round "5.261"]
[White "Thompson, Richard G"]
[WhiteElo "1468"]
[WhiteTeam "Shropshire 6"]
[Black "Fisher, Peter"]
[BlackElo "1622"]
[BlackTeam "Far, Far Away"]
[Result "1/2-1/2"]
[PlyCount "84"]

1. d4 d5 2. Bf4 Nf6 3. e3 e6 4. c3 Bd6 5. Bg3 O-O 6. Bd3 b6 7. Nf3 Bb7 8. Nbd2 c5 9. Ne5 c4 10. Bc2 b5 11. f4 a5 12. Bh4 Be7 13. g4 Ne4 14. Bxe7 Qxe7 15. Nxe4 dxe4 16. g5 Nd7 17. Nxd7 Qxd7 18. Qg4 f5 19. Qg3 g6 20. h4 Rf7 21. Kf2 Bc6 22. Bd1 Ra7 23. Be2 Bd5 24. h5 Rg7 25. Rh3 Kf8 26. Rah1 Ke7 27. hxg6 hxg6 28. Rh7 Kd6 29. Rh8 Rc7 30. Qh4 Rc8 31. Qh6 Rcg8 32. Rh7 Qf7 33. Rxg7 Rxg7 34. Qh8 Qg8 35. Qxg8 Rxg8 36. Rh7 a4 37. a3 Kc6 38. Kg3 Kd6 39. Kh4 Bc6 40. Kg3 Kd5 41. Kg2 Kd6 42. Kg3 Kd5 1/2-1/2

[Event "4NCL Online Division 7"]
[Site "online"]
[Date "2021.03.23"]
[EventDate "2021.03.23"]
[Round "5.262"]
[White "Purser, Anthony"]
[WhiteElo "1443"]
[WhiteTeam "Shropshire 6"]
[Black "Grice, Keith"]
[BlackElo "1435"]
[BlackTeam "Far, Far Away"]
[Result "1-0"]
[PlyCount "83"]

1. d4 d5 2. e3 Nf6 3. Bd3 c5 4. c3 Nc6 5. f4 e6 6. Nf3 Bd6 7. Ne5 cxd4 8. exd4 O-O 9. O-O Qc7 10. Nd2 a6 11. Rf3 Ne7 12. Rh3 g6 13. g4 b5 14. a3 Bb7 15. Qe2 Bxe5 16. fxe5 Ne4 17. Nxe4 dxe4 18. Bxe4 Bxe4 19. Qxe4 Kh8 20. Bg5 Ng8 21. Qf4 f6 22. exf6 Qxf4 23. Bxf4 Nxf6 24. Be5 Kg8 25. Bxf6 Rxf6 26. Rf1 Raf8 27. Rxf6 Rxf6 28. Kg2 Kg7 29. Rf3 g5 30. Rxf6 Kxf6 31. Kf3 e5 32. Ke4 exd4 33. cxd4 Ke6 34. b4 Kd6 35. h3 Ke6 36. d5+ Kd6 37. Kd4 Kc7 38. Kc5 Kd7 39. d6 h6 40. Kd5 Kc8 41. Ke6 Kd8 42. d7 1-0

[Event "4NCL Online Division 7"]
[Site "online"]
[Date "2021.03.23"]
[EventDate "2021.03.23"]
[Round "5.264"]
[White "Evans, Alf"]
[WhiteElo "1335"]
[WhiteTeam "Far, Far Away"]
[Black "Casewell, John M"]
[BlackElo "1305"]
[BlackTeam "Shropshire 6"]
[Result "1-0"]
[PlyCount "75"]

1. e4 c5 2. Nf3 d6 3. d4 cxd4 4. Nxd4 Nc6 5. Bc4 Nf6 6. Nc3 a6 7. Nxc6 bxc6 8. Be3 Bb7 9. f3 e6 10. Qd2 Be7 11. O-O-O O-O 12. g4 c5 13. Bb3 Bc6 14. g5 Ne8 15. h4 g6 16. h5 gxh5 17. Rxh5 Kg7 18. Rdh1 Rh8 19. Qh2 Bxg5 20. Rxg5+ Kf8 21. Rh5 Nf6 22. Bh6+ Ke7 23. Bg5 Qg8 24. Bxf6+ Kxf6 25. Qh4+ Kg7 26. Rg5+ Kf8 27. Rxg8+ Rxg8 28. Qf6 Rg7 29. Bxe6 Re8 30. Bd5 Bd7 31. Qxd6+ Re7 32. Qxc5 Be8 33. Bc6 Bxc6 34. Qxc6 Re6 35. Qc5+ Re7 36. Nd5 f6 37. Nxe7 Rxe7 38. Rxh7 1-0

[Event "4NCL Online Division 7"]
[Site "online"]
[Date "2021.03.23"]
[EventDate "2021.03.23"]
[Round "5.271"]
[White "Patel, Sen"]
[WhiteElo "1620"]
[WhiteTeam "KCJS 2"]
[Black "Colm, O'Hara"]
[BlackElo "1892"]
[BlackTeam "BCC Dinosaurs"]
[Result "1-0"]
[PlyCount "115"]

1. e4 c5 2. d4 cxd4 3. c3 dxc3 4. Nxc3 Nc6 5. Bc4 d6 6. Nf3 a6 7. O-O Nf6 8. e5 dxe5 9. Qxd8+ Nxd8 10. Nxe5 Be6 11. Bxe6 Nxe6 12. Be3 g6 13. Rad1 Bg7 14. Rd2 O-O 15. Bb6 Ne4 16. Nxe4 Bxe5 17. Rd7 Bxb2 18. Rxe7 Rfc8 19. Rd1 Rc6 20. Rxb7 Rac8 21. Be3 Bc1 22. g3 Bxe3 23. fxe3 Rc2 24. Rf1 R8c7 25. Nf6+ Kh8 26. Rb8+ Rc8 27. Rxc8+ Rxc8 28. Nd5 Kg7 29. Rf2 Rc5 30. Nf4 Ng5 31. Kg2 Rc3 32. Re2 Ne4 33. Kf3 f5 34. g4 Ra3 35. gxf5 gxf5 36. Nd5 Kf7 37. Kf4 Ke6 38. Nc7+ Kd7 39. Rc2 Ra5 40. Na8 Ke6 41. Rc6+ Kf7 42. Nc7 Rxa2 43. Kxf5 Nf2 44. Rxa6 Re2 45. Nd5 Nh3 46. Ra7+ Kg8 47. Nf6+ Kf8 48. Nxh7+ Kg8 49. Nf6+ Kf8 50. Ng4 Rb2 51. Ra5 Ng1 52. h4 Ne2 53. h5 Ng3+ 54. Kg6 Rb6+ 55. Nf6 Ne4 56. Ra8+ Ke7 57. Re8+ Kd6 58. Rxe4 1-0

[Event "4NCL Online Division 7"]
[Site "online"]
[Date "2021.03.23"]
[EventDate "2021.03.23"]
[Round "5.272"]
[White "Reis, David"]
[WhiteElo "1411"]
[WhiteTeam "BCC Dinosaurs"]
[Black "Kucukyildiz, Alp Tugrul"]
[BlackElo "1421"]
[BlackTeam "KCJS 2"]
[Result "0-1"]
[PlyCount "84"]

1. d4 Nf6 2. Bf4 g6 3. e3 Bg7 4. h3 d5 5. Nf3 Bd7 6. Nbd2 Nc6 7. a3 O-O 8. c4 Be6 9. c5 a5 10. Bb5 Na7 11. Ba4 Bd7 12. O-O c6 13. b4 Bf5 14. Bc2 Bxc2 15. Qxc2 Nb5 16. a4 Nc7 17. Bxc7 Qxc7 18. b5 Nd7 19. b6 Qb8 20. Nb3 e5 21. Qc3 exd4 22. exd4 Nf6 23. Nxa5 Ne4 24. Qb4 Re8 25. Nb3 Qf4 26. Nbd2 Nxd2 27. Nxd2 Bxd4 28. Rab1 Be5 29. Nf3 Qxb4 30. Rxb4 Bc3 31. Rb3 Bg7 32. Ra3 Bf8 33. Rc1 Ra5 34. Rd3 Rxa4 35. Nd4 Ra5 36. Nb3 Ra4 37. Rd4 Rxd4 38. Nxd4 Re4 39. Nxc6 bxc6 40. f3 Rb4 41. Kf2 Rb5 42. Ke3 Bxc5+ 0-1

[Event "4NCL Online Division 7"]
[Site "online"]
[Date "2021.03.23"]
[EventDate "2021.03.23"]
[Round "5.273"]
[White "Poghosyan, Jake"]
[WhiteElo "1415"]
[WhiteTeam "KCJS 2"]
[Black "Cummins, Mark"]
[BlackElo "1162"]
[BlackTeam "BCC Dinosaurs"]
[Result "1-0"]
[PlyCount "59"]

1. e4 c6 2. d4 d5 3. Nc3 Nf6 4. e5 Ne4 5. Bd2 Bf5 6. f4 e6 7. Nf3 Nxd2 8. Qxd2 Bb4 9. a3 Be7 10. Bd3 Bg4 11. O-O c5 12. Bb5+ Nc6 13. Kh1 O-O 14. Bxc6 bxc6 15. h3 Bf5 16. dxc5 Bxc5 17. b4 Bb6 18. Nd4 Bxd4 19. Qxd4 Bxc2 20. b5 cxb5 21. Nxb5 Bb3 22. Nd6 Qb6 23. Qf2 Ba4 24. Qh4 Qc7 25. Rac1 Qd7 26. f5 a6 27. f6 Qd8 28. Qxa4 Qb6 29. Qg4 g6 30. Qg5 1-0

[Event "4NCL Online Division 7"]
[Site "online"]
[Date "2021.03.23"]
[EventDate "2021.03.23"]
[Round "5.274"]
[White "Gartlan, Thomas"]
[WhiteElo "700"]
[WhiteTeam "BCC Dinosaurs"]
[Black "Singh, Hari"]
[BlackElo "1404"]
[BlackTeam "KCJS 2"]
[Result "0-1"]
[PlyCount "58"]

1. g3 b6 2. Bg2 Nc6 3. Nf3 Bb7 4. O-O Nf6 5. d4 e6 6. Nc3 d5 7. Ne5 Bd6 8. Nxc6 Bxc6 9. Bg5 Be7 10. e3 h6 11. Bxf6 Bxf6 12. f4 g5 13. a3 gxf4 14. Rxf4 Bg5 15. Rf3 e5 16. Rf1 Bxe3+ 17. Kh1 exd4 18. Ne2 Bb5 19. c3 dxc3 20. bxc3 Bc4 21. Rf5 c6 22. Re5+ Kf8 23. Rxe3 Qd7 24. h4 Re8 25. Rxe8+ Qxe8 26. Bf3 Qe3 27. Qf1 Bxe2 28. Qxe2 Qxc3 29. Qe3 Qxe3 0-1

[Event "4NCL Online Division 7"]
[Site "online"]
[Date "2021.03.23"]
[EventDate "2021.03.23"]
[Round "5.281"]
[White "Clarke, Emmet"]
[WhiteElo "1503"]
[WhiteTeam "Redbridge All Sorts 4"]
[Black "Smith, Bob"]
[BlackElo "1422"]
[BlackTeam "East Kilbride Rovers"]
[Result "0-1"]
[PlyCount "102"]

1. d4 Nf6 2. c4 e5 3. dxe5 Ng4 4. Bf4 Nc6 5. Nf3 Bb4+ 6. Nbd2 Qe7 7. e3 Ngxe5 8. Nxe5 Nxe5 9. Be2 O-O 10. O-O d6 11. a3 Bxd2 12. Qxd2 b6 13. Rac1 Bb7 14. f3 a5 15. b4 f5 16. Rfd1 Rfe8 17. Qc3 Ng6 18. Rc2 Nxf4 19. exf4 axb4 20. axb4 Qe3+ 21. Qxe3 Rxe3 22. Rd3 Rxd3 23. Bxd3 g6 24. Kf2 Kf7 25. Ke3 Ra3 26. Kd4 Ke6 27. c5 bxc5+ 28. bxc5 Ra4+ 29. Rc4 dxc5+ 30. Kxc5 Rxc4+ 31. Bxc4+ Ke7 32. Bg8 h6 33. h4 Kf8 34. Bd5 Bxd5 35. Kxd5 Ke7 36. Kc6 Kd8 37. g4 h5 38. g5 Kc8 39. Kc5 Kd7 40. Kd5 c6+ 41. Kc5 Kc7 42. Kc4 Kd6 43. Kd4 c5+ 44. Kc4 Kc6 45. Kc3 Kd5 46. Kd3 c4+ 47. Kc3 Kc5 48. Kc2 Kd4 49. Kd2 c3+ 50. Kc1 Kd3 51. Kd1 Ke3 0-1

[Event "4NCL Online Division 7"]
[Site "online"]
[Date "2021.03.23"]
[EventDate "2021.03.23"]
[Round "5.282"]
[White "Nagar, Nikunj"]
[WhiteElo "632"]
[WhiteTeam "East Kilbride Rovers"]
[Black "Wang, Luoke"]
[BlackElo "1446"]
[BlackTeam "Redbridge All Sorts 4"]
[Result "0-1"]
[PlyCount "136"]

1. e4 c5 2. Nf3 d6 3. Nc3 Nc6 4. d3 g6 5. Be3 Bg7 6. Be2 Nf6 7. O-O O-O 8. h3 Rb8 9. a4 Qa5 10. Bd2 Qb6 11. b3 e6 12. Be3 Nd7 13. Bd2 Re8 14. Ra2 Nb4 15. Ra3 a6 16. Na2 Nxa2 17. Rxa2 d5 18. a5 Qc7 19. exd5 exd5 20. c4 d4 21. Nh2 Nf8 22. Bg4 f5 23. Bf3 Be5 24. g3 Be6 25. Bg2 Nd7 26. Nf3 Bg7 27. Re1 Rbd8 28. Bf4 Qc8 29. Rae2 Bf7 30. Rxe8+ Rxe8 31. Rxe8+ Qxe8 32. Qe1 Qc8 33. Ne5 Nxe5 34. Bxe5 Qe6 35. f4 Qe7 36. g4 fxg4 37. hxg4 Be8 38. Kf2 Bxe5 39. Qxe5 Qf8 40. Bxb7 Bf7 41. Bxa6 Qa8 42. Bb5 Qxa5 43. Qxc5 Qd2+ 44. Kg1 Qe1+ 45. Kg2 Qe2+ 46. Kg1 Qxg4+ 47. Kh1 Qf3+ 48. Kg1 Qg3+ 49. Kh1 Qh3+ 50. Kg1 Qg4+ 51. Kh1 Qh4+ 52. Kg1 Qxf4 53. Qc6 Qe3+ 54. Kh2 Qxd3 55. Ba4 Qe2+ 56. Qg2 Qe5+ 57. Qg3 Qh5+ 58. Qh3 Qe2+ 59. Qg2 d3 60. c5 Bd5 61. Qxe2 dxe2 62. c6 e1=Q 63. c7 Qe5+ 64. Kg1 Qxc7 65. Bd7 Qxd7 66. b4 Qg4+ 67. Kf1 Bc4+ 68. Ke1 Qe2# 0-1

[Event "4NCL Online Division 7"]
[Site "online"]
[Date "2021.03.23"]
[EventDate "2021.03.23"]
[Round "5.283"]
[White "White, Nigel"]
[WhiteElo "1414"]
[WhiteTeam "Redbridge All Sorts 4"]
[Black "Roul, Karan"]
[BlackElo "430"]
[BlackTeam "East Kilbride Rovers"]
[Result "1/2-1/2"]
[PlyCount "54"]

1. e4 d5 2. exd5 Nf6 3. d4 Nxd5 4. Nf3 Nc6 5. c4 Nf6 6. d5 Nb8 7. Nc3 c6 8. h3 Bf5 9. g4 Bg6 10. Ne5 e6 11. Bg2 Bb4 12. Bd2 Bxc3 13. Bxc3 Nbd7 14. dxc6 bxc6 15. Bxc6 Be4 16. Bxd7+ Nxd7 17. f3 Nxe5 18. fxe4 Qh4+ 19. Ke2 Qg3 20. Qa4+ Kf8 21. Bxe5 Qxe5 22. Qc2 h5 23. gxh5 Qxh5+ 24. Ke3 Qg5+ 25. Ke2 Qh5+ 26. Ke3 Qg5+ 27. Ke2 Qh5+ 1/2-1/2

[Event "4NCL Online Division 7"]
[Site "online"]
[Date "2021.03.23"]
[EventDate "2021.03.23"]
[Round "5.284"]
[White "Roul, Tushar"]
[WhiteElo "392"]
[WhiteTeam "East Kilbride Rovers"]
[Black "Duffy, Laurence"]
[BlackElo "1312"]
[BlackTeam "Redbridge All Sorts 4"]
[Result "1-0"]
[PlyCount "95"]

1. e4 e6 2. d4 h6 3. c4 Nf6 4. Nc3 Bb4 5. Bd3 Bxc3+ 6. bxc3 d6 7. Ne2 c5 8. d5 exd5 9. cxd5 Qc7 10. c4 Qa5+ 11. Bd2 Qa3 12. Bc3 Nbd7 13. O-O Ng4 14. Qb3 Qa6 15. f4 Nb6 16. Bd2 Bd7 17. h3 Ba4 18. Qc3 Nf6 19. e5 Nfd7 20. exd6 O-O-O 21. Qa5 Nxc4 22. Qxa6 bxa6 23. Bxc4 Bb5 24. Bxb5 axb5 25. Ba5 Nb6 26. Bxb6 axb6 27. Nc3 Rxd6 28. Nxb5 Rxd5 29. Rfd1 Rhd8 30. Nc3 Rd4 31. Rxd4 cxd4 32. Ne2 d3 33. Nc3 Kd7 34. Rd1 Ke6 35. Kf2 Kf5 36. Kf3 d2 37. g4+ Kf6 38. Ne4+ Ke7 39. Rxd2 Ra8 40. Nc3 Ra3 41. Rc2 Kd6 42. Ke4 Ra5 43. Rd2+ Ke6 44. f5+ Kf6 45. h4 Re5+ 46. Kf4 Ra5 47. Nd5+ Rxd5 48. Rxd5 1-0

[Event "4NCL Online Division 7"]
[Site "online"]
[Date "2021.03.23"]
[EventDate "2021.03.23"]
[Round "5.291"]
[White "Adhikari, Aanya"]
[WhiteElo "1127"]
[WhiteTeam "Crowthorne 2"]
[Black "Al-Neyadi, Suroor"]
[BlackElo "1678"]
[BlackTeam "RCSI Team 2"]
[Result "0-1"]
[PlyCount "72"]

1. e4 c5 2. Nf3 Nc6 3. Nc3 Nf6 4. Bc4 e6 5. e5 Ng4 6. Qe2 a6 7. h3 Nh6 8. d3 Nf5 9. Bg5 Qc7 10. Bf4 b5 11. Bb3 Bb7 12. Ne4 Ncd4 13. Nxd4 Nxd4 14. Qe3 Nf5 15. Qd2 c4 16. Nd6+ Bxd6 17. exd6 Qc6 18. dxc4 bxc4 19. Qc3 Qe4+ 20. Be3 cxb3 21. axb3 Rc8 22. Qd3 Qxg2 23. Rf1 Rxc2 24. Qxc2 Nxe3 25. Qd3 Nxf1 26. Qxf1 Qe4+ 27. Qe2 Qb4+ 28. Qd2 Qxb3 29. Rb1 O-O 30. Qc1 Qxh3 31. Ke2 Qf3+ 32. Ke1 Rc8 33. Qd1 Qe4+ 34. Kf1 Rc2 35. Qh5 Qg2+ 36. Ke1 Qg1# 0-1

[Event "4NCL Online Division 7"]
[Site "online"]
[Date "2021.03.23"]
[EventDate "2021.03.23"]
[Round "5.293"]
[White "De Silva, Teah"]
[WhiteElo "962"]
[WhiteTeam "Crowthorne 2"]
[Black "Kadom, Mhmod"]
[BlackElo "1541"]
[BlackTeam "RCSI Team 2"]
[Result "0-1"]
[PlyCount "94"]

1. d4 d5 2. c4 e6 3. Nc3 dxc4 4. e4 Ne7 5. Bxc4 b6 6. d5 Bb7 7. dxe6 fxe6 8. Bxe6 Qxd1+ 9. Kxd1 Nd7 10. Nb5 O-O-O 11. Bxd7+ Rxd7+ 12. Bd2 Bxe4 13. f3 Ba8 14. Nxa7+ Kb7 15. Nb5 Ka6 16. a4 Bc6 17. Nc3 Nf5 18. Kc1 Nh4 19. Nge2 Nxg2 20. Rf1 Bb4 21. Nb1 Ka5 22. Nbc3 Rf8 23. f4 Rfd8 24. Rd1 Bf3 25. Kc2 Bxe2 26. Nxe2 Bxd2 27. Rg1 Nxf4 28. Rg5+ c5 29. Nxf4 Bxf4 30. Rg4 Rd2+ 31. Kb3 R8d3+ 32. Kc4 Rd4+ 33. Kc3 R2d3+ 34. Kc2 Bxh2 35. Rxg7 Be5 36. Ra7+ Kb4 37. Rxh7 Rd2+ 38. Kc1 Rd1+ 39. Kc2 Rxa1 40. Rh3 Kxa4 41. b3+ Kb4 42. Rh6 Ra2+ 43. Kb1 Ra6 44. Kc2 Bf4 45. Rh7 Rd2+ 46. Kb1 Be5 47. Re7 Ra1# 0-1

[Event "4NCL Online Division 7"]
[Site "online"]
[Date "2021.03.23"]
[EventDate "2021.03.23"]
[Round "5.294"]
[White "Cummins, Harry"]
[WhiteElo "1422"]
[WhiteTeam "RCSI Team 2"]
[Black "De Silva, Dylan"]
[BlackElo "962"]
[BlackTeam "Crowthorne 2"]
[Result "0-1"]
[PlyCount "124"]

1. c4 e5 2. Nc3 Bc5 3. g3 Nf6 4. Bg2 Ng4 5. e3 O-O 6. Nge2 Qf6 7. O-O d6 8. a3 c6 9. b4 Bb6 10. Bb2 Qh6 11. h3 Nf6 12. d4 exd4 13. exd4 Bxh3 14. Bxh3 Qxh3 15. Nf4 Qg4 16. Qxg4 Nxg4 17. c5 dxc5 18. dxc5 Bc7 19. Ne4 Nd7 20. Rad1 Nde5 21. Nh5 Rae8 22. Kg2 Nc4 23. Nxg7 Nxb2 24. Nxe8 Nxd1 25. Nxc7 Nge3+ 26. fxe3 Nxe3+ 27. Kf2 Nxf1 28. Kxf1 f5 29. Ng5 f4 30. gxf4 Rxf4+ 31. Ke2 Rg4 32. Nce6 h6 33. Nh3 Re4+ 34. Kf3 Rxe6 35. Nf4 Rf6 36. a4 h5 37. Kg3 Rh6 38. Kh4 Kf7 39. Nxh5 Rxh5+ 40. Kxh5 Ke6 41. Kg5 Kd5 42. Kf6 Kc4 43. a5 Kxb4 44. Ke6 Kxc5 45. Kd7 Kb5 46. Kc7 Kxa5 47. Kxb7 c5 48. Kxa7 c4 49. Kb7 c3 50. Kc6 c2 51. Kd5 c1=Q 52. Ke5 Kb5 53. Kd4 Kb4 54. Kd5 Qc5+ 55. Ke4 Kc4 56. Kf3 Kd4 57. Ke2 Qc3 58. Kd1 Qe3 59. Kc2 Kc4 60. Kd1 Qd3+ 61. Kc1 Qe2 62. Kb1 Kb3 0-1

[Event "4NCL Online Division 7"]
[Site "online"]
[Date "2021.03.23"]
[EventDate "2021.03.23"]
[Round "5.301"]
[White "Sanfey, Peter"]
[WhiteElo "1254"]
[WhiteTeam "Barnet Knights E"]
[Black "Ajili, Nour"]
[BlackElo "1502"]
[BlackTeam "Londinium Legionaries"]
[Result "0-1"]
[PlyCount "100"]

1. e4 e5 2. Nf3 Nc6 3. Bb5 d6 4. d3 Bg4 5. O-O Nf6 6. h3 Bh5 7. Nc3 Be7 8. Ne2 Bxf3 9. gxf3 Qd7 10. Kh2 O-O 11. f4 a6 12. Bxc6 Qxc6 13. fxe5 dxe5 14. Ng3 Rad8 15. Nf5 Bc5 16. Be3 Rfe8 17. Bg5 h6 18. Bxf6 Qxf6 19. Qg4 Kf8 20. c4 Rxd3 21. a3 Red8 22. b4 Be7 23. Rg1 Qg5 24. Nxe7 Qxg4 25. Rxg4 Kxe7 26. Rxg7 Kf6 27. Rg3 Rxg3 28. fxg3 Rd4 29. Rf1+ Ke6 30. c5 Rxe4 31. g4 Re3 32. Ra1 e4 33. Kg2 Ke5 34. a4 Rb3 35. Rd1 Ke6 36. Rd4 e3 37. Kf3 Ra3 38. Re4+ Kd5 39. Rxe3 Rxe3+ 40. Kxe3 Kc4 41. Kf4 Kxb4 42. Kf5 Kxc5 43. g5 hxg5 44. Kxg5 Kd6 45. Kf6 c5 46. h4 c4 47. h5 c3 48. h6 c2 49. h7 c1=Q 50. h8=Q Qa1+ 0-1

[Event "4NCL Online Division 7"]
[Site "online"]
[Date "2021.03.23"]
[EventDate "2021.03.23"]
[Round "5.302"]
[White "Welch, Stephen T"]
[WhiteElo "1434"]
[WhiteTeam "Londinium Legionaries"]
[Black "Zholnin, Ivan"]
[BlackElo "1324"]
[BlackTeam "Barnet Knights E"]
[Result "1-0"]
[PlyCount "95"]

1. d4 d5 2. Bf4 Nf6 3. Nf3 e6 4. e3 c5 5. c3 Nc6 6. Bb5 Be7 7. O-O O-O 8. Nbd2 Qb6 9. a4 a6 10. Bxc6 bxc6 11. Ne5 Bd6 12. Nec4 dxc4 13. Bxd6 Rd8 14. Nxc4 Qb7 15. Bxc5 Ne4 16. Ba3 c5 17. f3 Nf6 18. Bxc5 Nd7 19. Be7 Ne5 20. Nxe5 Qxe7 21. Nc6 Qd7 22. Nxd8 Qxd8 23. b4 Qc7 24. Qd3 a5 25. b5 Qb6 26. c4 Bb7 27. c5 Qc7 28. b6 Qc6 29. e4 Ba6 30. Qb3 Rb8 31. Rfd1 Be2 32. Rd2 Ba6 33. Qc3 Rxb6 34. d5 Qc7 35. Qxa5 Rc6 36. Qxc7 Rxc7 37. d6 Rc8 38. d7 Rd8 39. c6 f6 40. c7 Kf7 41. cxd8=Q Kg6 42. Qe8+ Kh6 43. d8=Q f5 44. exf5 e5 45. Qd6+ g6 46. fxg6 Kg5 47. Qexe5+ Kh4 48. Rd4# 1-0

[Event "4NCL Online Division 7"]
[Site "online"]
[Date "2021.03.23"]
[EventDate "2021.03.23"]
[Round "5.303"]
[White "Malus, Sean"]
[WhiteElo "1330"]
[WhiteTeam "Barnet Knights E"]
[Black "Clerc, Nikolai"]
[BlackElo "1200"]
[BlackTeam "Londinium Legionaries"]
[Result "0-1"]
[PlyCount "48"]

1. e4 c6 2. Nf3 d5 3. Nc3 dxe4 4. Nxe4 Nf6 5. d3 Nxe4 6. Qe2 Nf6 7. b3 Bg4 8. h3 Bxf3 9. gxf3 e6 10. Bb2 Qa5+ 11. c3 Ba3 12. Bc1 Qxc3+ 13. Bd2 Qxa1+ 14. Qd1 Qxd1+ 15. Kxd1 Bc5 16. Rg1 g6 17. Bc3 Ke7 18. Rg5 Bxf2 19. Bb4+ c5 20. Ba3 Nc6 21. Bg2 Rad8 22. f4 Bh4 23. Bxc5+ Ke8 24. Bxc6+ bxc6 0-1

[Event "4NCL Online Division 7"]
[Site "online"]
[Date "2021.03.23"]
[EventDate "2021.03.23"]
[Round "5.304"]
[White "Agazade, Murad"]
[WhiteElo "1188"]
[WhiteTeam "Londinium Legionaries"]
[Black "Rasalingam, Rishi"]
[BlackElo "1181"]
[BlackTeam "Barnet Knights E"]
[Result "1-0"]
[PlyCount "61"]

1. d4 Nf6 2. c4 g6 3. Nc3 Bg7 4. e4 d6 5. Be3 O-O 6. Nf3 e5 7. d5 c6 8. Bd3 Bd7 9. O-O Nh5 10. Re1 f5 11. g3 f4 12. gxf4 Nxf4 13. Bxf4 Rxf4 14. Re3 Bg4 15. Be2 Bxf3 16. Bxf3 Qg5+ 17. Bg2 c5 18. Qb3 b6 19. Rg3 Qh4 20. Nb5 Na6 21. Qa4 Nb4 22. a3 Nd3 23. Rxd3 Qxf2+ 24. Kh1 Qe2 25. Qd1 Qxb2 26. Rd2 Qb3 27. Qxb3 Bh6 28. Re2 a6 29. Nxd6 Rb8 30. Qh3 Bf8 31. Qe6+ 1-0

[Event "4NCL Online Division 7"]
[Site "online"]
[Date "2021.03.23"]
[EventDate "2021.03.23"]
[Round "5.311"]
[White "Cox, Lucian"]
[WhiteElo "1469"]
[WhiteTeam "MK Phoenix 5"]
[Black "Kitaev, Daniel"]
[BlackElo "1352"]
[BlackTeam "Grangemouth Guerillas"]
[Result "1/2-1/2"]
[PlyCount "104"]

1. e4 d5 2. exd5 Nf6 3. c4 e6 4. d4 c5 5. dxc6 Nxc6 6. Nf3 Bb4+ 7. Nc3 Ne4 8. Qd3 Nxc3 9. bxc3 Be7 10. Bf4 O-O 11. d5 Na5 12. d6 Bf6 13. c5 Bd7 14. Be2 a6 15. O-O Bb5 16. Qd2 Bxc3 17. Qxc3 Bxe2 18. Rfe1 Bb5 19. Rad1 b6 20. cxb6 Qxb6 21. Bd2 Nb7 22. Be3 Qc6 23. Qxc6 Bxc6 24. Ne5 Bd5 25. Nd7 Rfd8 26. Nb6 Rab8 27. Nxd5 exd5 28. Rxd5 Kf8 29. Bf4 Rbc8 30. d7 Rc2 31. Bd6+ Nxd6 32. Rxd6 Rc7 33. Red1 Ke7 34. h3 Rcxd7 35. Rxd7+ Rxd7 36. Rxd7+ Kxd7 37. Kf1 Kc6 38. Ke2 Kd5 39. Kd3 f5 40. g3 g5 41. g4 f4 42. f3 h6 43. a3 Kc5 44. Kc3 Kb5 45. Kb3 Ka5 46. a4 Kb6 47. Kb4 a5+ 48. Kc4 Kc6 49. Kd4 Kd6 50. Kc4 Kc6 51. Kd4 Kd6 52. Kc4 Kc6 1/2-1/2

[Event "4NCL Online Division 7"]
[Site "online"]
[Date "2021.03.23"]
[EventDate "2021.03.23"]
[Round "5.312"]
[White "Hanlon, Hugh"]
[WhiteElo "1353"]
[WhiteTeam "Grangemouth Guerillas"]
[Black "Wayne, Steven"]
[BlackElo "1205"]
[BlackTeam "MK Phoenix 5"]
[Result "1-0"]
[PlyCount "91"]

1. e4 c6 2. Bc4 d5 3. exd5 cxd5 4. Bb3 e5 5. d3 Nc6 6. Nf3 h6 7. O-O Nf6 8. a3 Be7 9. Re1 Bg4 10. Nbd2 O-O 11. c4 Nd4 12. Re3 Bc5 13. h3 Nxf3+ 14. Rxf3 Bxf3 15. Nxf3 e4 16. dxe4 dxc4 17. Qxd8 Raxd8 18. Bc2 Rfe8 19. e5 Nd5 20. b3 c3 21. b4 Bb6 22. Be4 a6 23. Ra2 Nc7 24. Bf4 Ne6 25. Bg3 Nd4 26. Nxd4 Rxd4 27. Bf3 Bc7 28. Rc2 Bxe5 29. Bxe5 Rxe5 30. Rxc3 b6 31. Bg4 f5 32. Bh5 f4 33. Bg6 Rd8 34. Rc6 Rb5 35. f3 a5 36. bxa5 bxa5 37. Rc4 Rb3 38. a4 Ra3 39. Rxf4 Ra2 40. Bf7+ Kh7 41. Bxa2 Rd1+ 42. Kh2 Rd2 43. Bc4 h5 44. Rf5 Kh6 45. Rxa5 Rd4 46. Bd5 1-0